000 00250nam a2200097Ia 4500
008 240331s9999 xx 000 0 und d
082 _bLEA
100 _aLeary, V.L
245 3 _aAn introductory guide to human rights law and humanitarian law
942 _cL
999 _c2494
_d2494